000 00773nam a2200253Ia 4500
003 OSt
005 20220918170848.0
006 a|||||r|||| 00| 0
007 ta
008 220917b |||||||| |||| 00| 0 eng d
020 _a9780748622801 (pbk)
024 _a232,395
037 _b3242, 16/10/2007, Selectbook Service Syndicate
_cTextual
040 _aARTS
_cARTS
_beng
041 _2eng
_aeng
082 _aP:(S:4)k, P7
100 _aVyvyan Evans
_931776
245 0 _aGlossary of contitive linguistics
260 _aEdinburgh
_bEdinburgh University Press
_c2007
300 _avi, 239p.
_ccm.
650 _aLINGUISTICS
942 _hP:(S:4)k, P7
_cTEXL
_2CC
999 _c136296
_d136296